| 000 | 00835nam a2200205 a 4500 | ||
|---|---|---|---|
| 005 | 20210219160026.0 | ||
| 008 | 080613s1981 mx r 000 0 spa d | ||
| 035 | _aUPN01000156900 | ||
| 049 | _aUNE | ||
| 080 | _aOC 016: 378 (7/8) =20 =40 BIB. | ||
| 245 | 0 | 0 |
_aBibliografía selectiva sobre educación superior en América Latina y el Caribe= _bSelective bibliography on higher education in Latin America and the Caribbean = Bibliographie selective de l'éducation superieur dans l'Amerique Latine et les Caraibes. |
| 260 |
_aCaracas : _bCRESALC, _c1981. |
||
| 300 | _a155 p. | ||
| 440 | 0 | _aCRESALC. bibliografías | |
| 690 | _aBibliografías | ||
| 690 | _aEnseñanza superior | ||
| 690 | _aAmérica Latina | ||
| 710 | 2 |
_aCRESALC. _bCentro Regional para la Educación Superior en América Latina y el Caribe |
|
| 905 | _aUNESCO | ||
| 999 |
_c129014 _d129014 |
||